000 00238nam a2200097Ia 4500
008 190216s9999||||xx |||||||||||||| ||und||
100 _aNambeeshan C N
245 0 _aBhouthikam Vol I Ii Iii
260 _bKerala Bhasha Institute
942 _cBK
999 _c39733
_d39733